000 00613cam9a220020500 4500
001 tmp15763094
003 UPRA
005 20190819092335.0
008 951023n xx eng u
035 _a(Sirsi) r42927
035 _a(UPRA)tmp15763094
040 _cUPRA
100 1 _aBlyth, Reginald Horace.
_6A732.1
245 1 0 _aHaiku.
949 _aPL729
_vVOL. 1
_wlcc
_i-52651
_mMAIN
_tBOOK
_lON-SHELF
949 _aPL729
_vVOL. 2
_wlcc
_i-52652
_mMAIN
_tBOOK
_lON-SHELF
949 _aPL729
_vVOL. 3
_wlcc
_i-52653
_mMAIN
_tBOOK
_lON-SHELF
949 _aPL729
_vVOL. 4
_wlcc
_i-52654
_mMAIN
_tBOOK
_lON-SHELF
004 42927
999 _c96878
_d96878